Niesť bremeno a spievať..

Bibliographic Details
Main Author: Bartko, Michal, 1923-2008 (Author)
Format: Article
Language:Slovak
PhysicalDescription:Fot. 2.
Subjects:

MARC

LEADER 00000nab a2200000 a 4500
001 vtls000440762
003 SK-MaSNL
005 20260303162318.0
008 230302c1991 xo 0 slo
015 |a SNBRB19rr/mm-uuuuu 
035 |a CL0440892 
035 |a urn:nbn:sk:snk-abamkr 
035 |a (urnnbn)urn:nbn:sk:snk:ar-008nr2 
035 |a (uuid)71c07325-552f-42a2-bef2-78d2ec050dd2 
040 |a SNKBUCL  |b slo  |c SNKBUCL  |e AACR2 
041 0 |a slo 
044 |a xo  |c SK 
080 |a 885.4-4  |2 1981 
080 |a 7  |2 1981 
100 1 |a Bartko, Michal,  |d 1923-2008  |4 aut  |9 131593 
245 1 0 |a Niesť bremeno a spievať..  |c Michal Bartko 
300 |b Fot. 2. 
650 0 7 |a eseje  |2 snkbucl  |9 144629 
650 0 7 |a poézia  |2 snkbucl  |9 1274 
650 0 7 |a umenie  |2 snkbucl  |9 1060 
655 7 |a články z novín a časopisov  |2 snkbucl  |9 267496 
773 0 |t Literárny týždenník  |g Roč. 4, č. 48 (1991), s. 3 a 5 
850 |a Slovenská národná knižnica v Martine  |a MTA001 
852 |a SNK  |b KIS3GCP 
954 |a odborná, vedecká literatúra pôvodná (slovenská)  |2 lita 
958 |a OND 
958 |a RK 
958 |a LX 
958 |a EUIPO 
958 |a article14 
999 |c 2053124  |d 2055054